|
|
|
|
| LEADER |
00000nam a22000007a 4500 |
| 005 |
2011102806206.0 |
| 008 |
111028s2009 sp |||||s|||| 00||0 spa d |
| 020 |
|
|
|a 978–84–96721–73–9
|
| 035 |
|
|
|a 5932
|
| 040 |
|
|
|a vLex
|
| 090 |
|
|
|c 2729
|d 2729
|
| 100 |
1 |
|
|a Baylos Grau, Antonio
|
| 245 |
1 |
0 |
|a Sindicalismo y derecho sindical
|h [Recurso electrn̤ico] /
|c Antonio Baylos Grau
|
| 256 |
|
|
|a Servicio en ln̕ea.
|
| 260 |
|
|
|a Ciudad Real :
|b Editorial Bomarzo,
|c 2009
|
| 300 |
|
|
|a 1 recurso electrn̤ico
|
| 490 |
0 |
|
|a Bs̀icos de derecho social
|
| 500 |
|
|
|a La libertad sindical implica el derecho a asociarse para la defensa de los intereses de los trabajadores y como tal especie se ha emancipado del tronco comn︢ para constituir una libertad pb︢lica dotada de contornos bien precisos y diferenciados del gňero del que procede. Su importacia constitutiva medida en třminos de valor polt̕ico es tal que progresivamente
|
| 506 |
1 |
|
|a Contenido solo disponible en los productos indicados
|d vLex Global
|d vLex Global (Academic Edition, excluding Law Schools)
|d vLex Global (U.S. Academic Edition, Law Schools)
|d vLex Global (U.S. Academic Edition, excluding Law Schools)
|d vLex Global (Academic Edition, Law Schools)
|
| 650 |
0 |
4 |
|a Sindicalismo
|z Espaą
|
| 650 |
0 |
4 |
|a Sindicatos
|x Derecho y legislacin̤
|z Espaą
|
| 740 |
0 |
|
|a vLex Libros (Servicio en ln̕ea)
|
| 856 |
4 |
0 |
|u http://vlex.com/source/sindicalismo-derecho-sindical-5932
|z Acceso restringido
|
| 942 |
|
|
|c BOOK
|